000 00707nam a2200217 a 4500
005 20210223133710.0
008 181115s2017 ch r 000 0 spa d
020 _a9789560009517
035 _aUPN01000227839
049 _aCG
050 4 _aF3100
_bP6.2
100 1 _aPozo Artigas, José del,
_d1943-
_942386
245 1 0 _aAllende:
_bcómo su historia ha sido relatada : un ensayo de historiografía ampliada /
_cJosé del Pozo Artigas.
260 _aSantiago de Chile :
_bLOM,
_c2017.
300 _a222 p. :
_bil.
440 0 _aHistoria
600 1 4 _aALLENDE GOSSENS, SALVADOR,
_d1908-1973
650 4 _aPRESIDENTES -
_zCHILE -
_ySIGLO XX -
_xHISTORIOGRAFIA
_927266
905 _aLibro
999 _c199934
_d199934